01237 2200301 4500001002100000005001500021035002000036007000300056008004100059020002200100082000800122084001700130100003500147245016100182250003500343300004200378650006300420650002100483650001300504700003400517520023100551264004700782336002100829337003000850338002300880990001600903990001600919INLIS00000000116378920240320122010 a0010-0324000045ta240320 g | ind  a978-623-8015-52-8 a392 aSR 392 SAL a3 aSalukh, Neno Anderiasepenulis1 aAlat ma atolan :bkumpulan artikel tentang adat dan aturan suku Atoin Meto, Timor Tengah Selatan, NTT /cNeno Anderias Salukh; editor, Karen Campbell-Nelson aCetakan Pertama, November 2022 axii, 93 halaman :bilustrasi ;c23 cm 4aTimor Tengah Selatan -- Kehidupan sosial dan adat istiadat 4aOrang Atoin Meto 4aEtnologi0 aKaren Campbell-Nelsoneeditor aBuku ini merupakan catatan etnografi Neno Anderias Salukh sejak tahun 2018 yang menyajikan tentang narasi budaya Atoin Meto yang dituturkan secara turun menurun. Pertanyaannya, masihkah budaya dipertahankan oleh generasi muda? aYogyakarta :bBintang Semesta Media,c2022 2rdacontentaTeks 2rdamediaaTanpa perantara 2rdacarrieraVolume a52693.65513 a52693.65513